000 00629nas a2200217 u 4500
001 800918
005 20231123091934.0
008 030318uuuuuuuuu spa
022 0 _a1692-1054
035 _a800918
040 _ccomduadb
041 _aspa
245 1 0 _aRevista Cultural Academia Libre (Bogotá)
260 _aBogotá :
_bCorporación Universidad Libre,
_c2002.
650 7 _aInvestigación social
_2lemb
_92355
650 7 _aInvestigación científica
_2lemb
_94653
650 7 _aDerecho
_2lemb
_94598
650 7 _aEducación
_2embne
_94652
650 7 _aEducación superior
_2lemb
_91957
942 _cREVISTA
999 _c281236
_d281236